Statistiken für Bundesliga Starters 2022/2023

Klicken Sie hier um das Quiz zu spielen!

Allgemein

  • Dieses Quiz wurde 285 mal gespielt
  • Das Durchschnittsergebnis liegt bei 72 aus 198

Antwortstatistiken

HintAntwort% Korrekt
FC Bayern MünchenGKManuel Neuer
100%
FC Bayern MünchenDMJoshua Kimmich
92%
FC Bayern MünchenAMThomas Müller
92%
FC Bayern MünchenRBBenjamin Pavard
91%
VfB StuttgartGKFlorian Müller
89%
FC Bayern MünchenLBAlphonso Davies
86%
FC Bayern MünchenAMJamal Musiala
86%
FC Bayern MünchenSTSerge Gnabry
85%
Borussia DortmundGKGregor Kobel
82%
FC Bayern MünchenCBMatthijs de Ligt
80%
FC Bayern MünchenSTSadio Mane
80%
Borussia DortmundAMMarco Reus
78%
Borussia DortmundCBMats Hummels
78%
FC Bayern MünchenCBLucas Hernandez
77%
Borussia DortmundCBNico Schlotterbeck
77%
Borussia MönchengladbachGKYann Sommer
71%
Eintracht FrankfurtGKKevin Trapp
68%
Borussia DortmundSTAnthony Modeste
67%
Borussia DortmundLBRaphael Guerreiro
65%
1. FSV Mainz 05CBStefan Bell
65%
Borussia DortmundDMJude Bellingham
64%
SC FreiburgCBMatthias Ginter
64%
Borussia DortmundLWJulian Brandt
63%
Borussia DortmundRWKarim Adeyemi
63%
Bayer LeverkusenGKLukas Hradecky
62%
SC FreiburgLBChristian Günter
60%
RB LeipzigAMChristopher Nkunku
59%
FC Bayern MünchenDMMarcel Sabitzer
59%
SC FreiburgGKMark Flekken
59%
Bayer LeverkusenLWMoussa Diaby
58%
Bayer LeverkusenSTPatrik Schick
58%
RB LeipzigSTTimo Werner
57%
Eintracht FrankfurtSTRandal Kolo Muani
56%
Borussia MönchengladbachSTMarcus Thuram
55%
SC FreiburgLMVincenzo Grifo
55%
Bayer LeverkusenCBJonathan Tah
54%
VfL WolfsburgGKKoen Casteels
54%
SV Werder BremenSTNiclas Füllkrug
54%
RB LeipzigCBWilli Orban
54%
Bayer LeverkusenRBJeremie Frimpong
53%
Borussia MönchengladbachRMJonas Hofmann
53%
TSG 1899 HoffenheimGKOliver Baumann
52%
Borussia DortmundDMSalih Özcan
52%
SV Werder BremenGKJiri Pavlenka
51%
RB LeipzigGKPeter Gulacsi
51%
Borussia MönchengladbachLMAlassane Plea
50%
1. FC KölnLBJonas Hector
50%
Borussia DortmundRBMarius Wolf
50%
Eintracht FrankfurtCMSebastian Rode
50%
SV Werder BremenSTMarvin Ducksch
49%
1. FC KölnGKMarvin Schwäbe
49%
Eintracht FrankfurtCBEvan Ndicka
47%
SC FreiburgSTMichael Gregoritsch
47%
Borussia MönchengladbachLBRamy Bensebaini
47%
1. FC Union BerlinSTSheraldo Becker
47%
FC Schalke 04GKAlexander Schwolow
46%
FC Schalke 04STSimon Terodde
46%
TSG 1899 HoffenheimSTAndrej Kramaric
45%
Eintracht FrankfurtAMDaichi Kamada
45%
VfL BochumGKManuel Riemann
45%
1. FC Union BerlinGKFrederik Rönnow
44%
RB LeipzigCMKonrad Laimer
43%
Eintracht FrankfurtCBTuta
43%
1. FC KölnLMFlorian Kainz
42%
Borussia MönchengladbachAMFlorian Neuhaus
42%
VfL WolfsburgDMMaximilian Arnold
42%
SC FreiburgDMNicolas Höfler
42%
1. FSV Mainz 05GKRobin Zentner
42%
RB LeipzigLMDavid Raum
41%
Borussia MönchengladbachCBNico Elvedi
41%
Bayer LeverkusenCBEdmond Tapsoba
40%
Eintracht FrankfurtAMJesper Lindström
40%
Bayer LeverkusenZMKerem Demirbay
40%
Borussia MönchengladbachDMKouadio Kone
40%
VfB StuttgartCMWataru Endo
39%
RB LeipzigAMDani Olmo
38%
Hertha BSCRWDodi Lukebakio
38%
1. FC KölnDMEllyes Skhiri
38%
FC Schalke 04STMarius Bülter
38%
Bayer LeverkusenZMRobert Andrich
38%
1. FC Union BerlinRMChristopher Trimmel
37%
Eintracht FrankfurtCMDjibril Sow
37%
VfL WolfsburgSTLukas Nmecha
37%
RB LeipzigCBMohamed Simakan
37%
Hertha BSCGKOliver Christensen
37%
VfB StuttgartSTSilas
37%
Eintracht FrankfurtRMAnsgar Knauff
36%
1. FSV Mainz 05STKarim Onisiwo
36%
VfB StuttgartCBKonstantinos Mavropanos
36%
SV Werder BremenCMLeonardo Bittencourt
35%
VfL WolfsburgCBMaxence Lacroix
34%
VfL WolfsburgRBRidle Baku
34%
RB LeipzigRMBenjamin Henrichs
33%
VfB StuttgartLMBorna Sosa
33%
RB LeipzigCBJosko Gvardiol
33%
Bayer LeverkusenLBPiero Hincapie
33%
SC FreiburgRMRitsu Doan
33%
Borussia MönchengladbachRBJoe Scally
32%
RB LeipzigCMKevin Kampl
32%
Hertha BSCLBMarvin Plattenhardt
32%
SC FreiburgCBPhilipp Lienhart
32%
TSG 1899 HoffenheimAMChristoph Baumgartner
31%
SC FreiburgDMMaximilian Eggestein
31%
SV Werder BremenRMMitchell Weiser
31%
Hertha BSCCMSuat Serdar
31%
FC AugsburgSTErmedin Demirovic
30%
Bayer LeverkusenZMExeqiuel Palacios
30%
TSG 1899 HoffenheimCBKevin Vogt
30%
SV Werder BremenCBMarco Friedl
30%
FC AugsburgGKRafal Gikiewicz
30%
VfB StuttgartSTSerhou Guirassy
30%
FC Schalke 04LWBThomas Ouwejan
30%
Borussia MönchengladbachCBKo Itakura
29%
1. FC Union BerlinDMRani Khedira
29%
VfB StuttgartCBHiroki Ito
28%
1. FC Union BerlinCBRobin Knoche
28%
TSG 1899 HoffenheimLMAngelino
27%
FC AugsburgCMArne Maier
27%
VfB StuttgartCBWaldemar Anton
27%
VfL WolfsburgAMMax Kruse
26%
1. FC KölnCBTimo Hübers
26%
1. FSV Mainz 05CMAnton Stach
25%
1. FC KölnRBBenno Schmitz
25%
SV Werder BremenDMChristian Groß
25%
1. FSV Mainz 05STJonathan Burkardt
25%
Hertha BSCCBMarc-Oliver Kempf
25%
FC Schalke 04CBMaya Yoshida
25%
1. FC Union BerlinCMJanik Haberer
24%
1. FC Union BerlinLMJulian Ryerson
24%
Borussia MönchengladbachDMJulian Weigl
24%
1. FC KölnCBLuca Kilian
24%
SV Werder BremenCBMilos Veljkovic
24%
FC Schalke 04CMRodrigo Zalazar
24%
SV Werder BremenCBAmos Pieper
23%
VfL WolfsburgLBMicky van de Ven
23%
VfL WolfsburgRMPatrick Wimmer
23%
TSG 1899 HoffenheimRMRobert Skov
23%
VfL BochumDMAnthony Losilla
22%
1. FC KölnAMMark Uth
22%
VfL BochumSTSimon Zoller
22%
FC Schalke 04CMTom Krauß
22%
1. FC KölnRMDejan Ljubicic
21%
TSG 1899 HoffenheimCMDennis Geiger
21%
1. FSV Mainz 05CMDominik Kohr
21%
1. FC KölnSTFlorian Dietz
21%
VfL BochumLMGerrit Holtmann
21%
Hertha BSCCMLucas Tousart
21%
SC FreiburgAMRoland Sallai
21%
1. FSV Mainz 05CBAlexander Hack
20%
VfL BochumAMKevin Stöger
20%
Eintracht FrankfurtLMLuca Pellegrini
20%
FC Schalke 04CBMarcin Kaminski
20%
TSG 1899 HoffenheimCBOzan Kabak
20%
1. FC Union BerlinCBDiogo Leite
19%
TSG 1899 HoffenheimCMGrischa Prömel
19%
1. FC Union BerlinSTJordan Siebatcheu
19%
TSG 1899 HoffenheimCBKevin Akpoguma
19%
FC AugsburgSTMergim Berisha
19%
VfL WolfsburgCBSebastiaan Bornauw
19%
1. FSV Mainz 05RMSilvan Widmer
19%
FC Schalke 04CMAlex Kral
18%
Bayer LeverkusenRWCallum Hudson-Odoi
18%
FC Schalke 04RWBCedric Brunner
18%
TSG 1899 HoffenheimSTGeorginio Rutter
18%
SV Werder BremenCMJens Stage
18%
VfL BochumRMTakuma Asano
18%
SV Werder BremenLMAnthony Jung
17%
VfL BochumRBCristian Gamboa
17%
1. FC KölnSTSargis Adamyan
16%
FC Schalke 04CBSepp van den Berg
16%
1. FSV Mainz 05LMAaron Martin
15%
FC AugsburgCBJeffrey Gouweleeuw
15%
Hertha BSCRBJonjoe Kenny
15%
VfB StuttgartRMJosha Vagnoman
15%
Hertha BSCLWChidera Ejuke
14%
SC FreiburgRBKiliann Sildillia
14%
Hertha BSCSTWilfried Kanga
14%
FC AugsburgLMIago
13%
VfL BochumCBIvan Ordets
13%
VfL WolfsburgDMJoshua Guilavogui
13%
1. FSV Mainz 05CBMaxim Leitsch
13%
VfL BochumCBDominique Heintz
12%
FC AugsburgRMMads Pedersen
11%
1. FSV Mainz 05AMAngelo Fulgini
10%
Hertha BSCDMIvan Sunjic
10%
VfL WolfsburgLMOmar Marmoush
10%
FC AugsburgCMElvis Rexhbecaj
9%
FC AugsburgCBMaximilian Bauer
9%
Hertha BSCCBFilip Uremovic
8%
VfL BochumLBKonstantinos Stafylidis
8%
1. FC Union BerlinCMMorten Thorsby
8%
VfB StuttgartCMNaouirou Ahamada
7%
1. FC Union BerlinCBPaul Jaeckel
7%
FC AugsburgAMFredrik Jensen
6%
Eintracht FrankfurtCBJerome Onguene
5%
VfB StuttgartAMLilian Egloff
4%
FC AugsburgCBFrederik Winther
2%
VfL BochumDMJacek Goralski
2%

Verteilung der Resultate

Perzentil nach korrekt beantworteten Fragen

Anzahl Personen mit jedem Resultat

Ihre Resultats-Entwicklung

Sie haben dieses Quiz noch nicht gespielt